[Event "Campeonato del mundo sub-18"]
[Site "Kemer TUR"]
[Date "2009.11.12"]
[Round "1.31"]
[White "Lovik, Lasse Ostebo"]
[Black "Sartori, C Sergio M"]
[Result "1-0"]
[WhiteElo "2379"]
[BlackElo "2021"]
[PlyCount "55"]
[EventDate "2009.11.11"]
[EventType "swiss"]
[EventRounds "11"]
[EventCountry "ESP"]
[Source "lmi"]
[SourceDate "2009.11.11"]

1. e4 e5 2. Nf3 Nc6 3. d4 exd4 4. Nxd4 Nf6 5. Nxc6 bxc6 6. e5 Qe7 7. Qe2 Nd5 8.
c4 Ba6 9. b3 g6 10. Nd2 Bg7 11. Nf3 O-O 12. Bg5 Qa3 13. Qd2 Nb4 14. Be2 d6 15.
O-O dxe5 16. Be7 Rfb8 17. Rad1 c5 18. Bxc5 Qa5 19. Bxb4 Qxb4 20. Qxb4 Rxb4 21.
Rd7 c6 22. Ng5 Bc8 23. Rd8+ Bf8 24. Rfd1 Kg7 25. Re8 h6 26. Rdd8 hxg5 27. Rxf8
a5 28. Rxc8 1-0

[Event "Campeonato del mundo sub-18"]
[Site "Kemer TUR"]
[Date "2009.11.12"]
[Round "1.32"]
[White "Hapuarachchi, H L M."]
[Black "Arslanov, Shamil"]
[Result "1/2-1/2"]
[WhiteElo "2019"]
[BlackElo "2379"]
[PlyCount "84"]
[EventDate "2009.11.11"]
[EventType "swiss"]
[EventRounds "11"]
[EventCountry "ESP"]
[Source "lmi"]
[SourceDate "2009.11.11"]

1. e4 e6 2. d4 d5 3. exd5 exd5 4. Bd3 c5 5. c3 Nc6 6. Ne2 Nf6 7. O-O c4 8. Bc2
Bd6 9. Bf4 O-O 10. Bxd6 Qxd6 11. Nd2 Bg4 12. f3 Bh5 13. Ng3 Bg6 14. Re1 b5 15.
Ndf1 Rfe8 16. Qd2 b4 17. Ne3 bxc3 18. bxc3 Qa3 19. Nef5 Rxe1+ 20. Rxe1 Qxa2 21.
Re2 Qa1+ 22. Kf2 Re8 23. Rxe8+ Nxe8 24. Qe1 Qxe1+ 25. Kxe1 Kf8 26. Ba4 Na5 27.
Bxe8 Kxe8 28. Nxg7+ Kd7 29. N7f5 Nb3 30. Ne3 Ke6 31. Ne2 Kd6 32. Nf4 a5 33.
Nfxd5 f5 34. Nb6 f4 35. Nbxc4+ Kc6 36. Nd1 h5 37. Na3 h4 38. Nb2 Kd5 39. Nbc4
Bd3 40. Ne5 Bf5 41. Kf2 Nd2 42. g3 Nb1 1/2-1/2

[Event "Campeonato del mundo sub-18"]
[Site "Kemer TUR"]
[Date "2009.11.12"]
[Round "1.33"]
[White "Stankovic, Milos"]
[Black "Inonu, Munci MuhsÝn"]
[Result "1/2-1/2"]
[WhiteElo "2379"]
[BlackElo "2002"]
[PlyCount "140"]
[EventDate "2009.11.11"]
[EventType "swiss"]
[EventRounds "11"]
[EventCountry "ESP"]
[Source "lmi"]
[SourceDate "2009.11.11"]

1. e4 e5 2. Nf3 Nc6 3. Bc4 Bc5 4. d3 Nf6 5. c3 d6 6. Bb3 a6 7. Nbd2 Ba7 8. O-O
Ne7 9. Re1 Ng6 10. Nf1 O-O 11. h3 Nh5 12. d4 Qe8 13. Be3 Nhf4 14. Ng3 Be6 15.
Bc2 Qd7 16. Ng5 h6 17. Nxe6 fxe6 18. Qg4 Qe7 19. Bb3 Kh7 20. Nh5 Nxh5 21. Qxh5
Qf6 22. Rad1 exd4 23. cxd4 e5 24. dxe5 Nxe5 25. Bxa7 Rxa7 26. Qe2 Raa8 27. Rc1
c6 28. Rc3 Rae8 29. Rd1 Ng6 30. Re3 Nf4 31. Qd2 Rd8 32. Qc2 Kh8 33. Rd2 Rde8
34. Qd1 Qg6 35. Qg4 Qf6 36. Qd7 Rd8 37. Qxb7 h5 38. Qxc6 h4 39. Qxa6 Qg5 40.
Qf1 Rf6 41. Kh1 Nxh3 42. Bc4 Nf4 43. e5 Rg6 44. Bf7 Rh6 45. e6 Nxe6 46. Bxe6
Rxe6 47. Rxe6 Qxd2 48. Qe2 Qc1+ 49. Kh2 Qf4+ 50. Kh3 Rf8 51. Qh5+ Kg8 52. Re2
Qc4 53. b3 Qd3+ 54. Kh2 Qd4 55. Qg6 Qf4+ 56. Kh3 Qd4 57. Qe6+ Kh7 58. Qg4 Qd3+
59. Re3 Qd2 60. Qxh4+ Kg8 61. Qc4+ d5 62. Qd3 Rxf2 63. Qxd2 Rxd2 64. a4 Kf7 65.
Kg3 d4 66. Rf3+ Ke6 67. Kf4 Kd5 68. g4 Re2 69. Kf5 Re3 70. Rf1 Rxb3 1/2-1/2

[Event "Campeonato del mundo sub-18"]
[Site "Kemer TUR"]
[Date "2009.11.12"]
[Round "1.36"]
[White "Margarido, Ricardo Emanuel Tor"]
[Black "Darini, Pouria"]
[Result "0-1"]
[WhiteElo "1966"]
[BlackElo "2366"]
[PlyCount "46"]
[EventDate "2009.11.11"]
[EventType "swiss"]
[EventRounds "11"]
[EventCountry "ESP"]
[Source "lmi"]
[SourceDate "2009.11.11"]

1. d4 Nf6 2. Nf3 e6 3. e3 d5 4. Nbd2 c5 5. c4 Nc6 6. cxd5 exd5 7. Bb5 Bd6 8.
O-O O-O 9. dxc5 Bxc5 10. Nb3 Bb6 11. Nbd4 Qd6 12. b3 Bg4 13. Bb2 Ne4 14. Be2
Rfe8 15. h3 Bd7 16. Nb5 Qh6 17. Nc3 Rad8 18. Rc1 Bxh3 19. gxh3 Qxh3 20. Nh2 Bc7
21. f4 Qxe3+ 22. Kh1 Ng3+ 23. Kg2 Nxe2 0-1

[Event "Campeonato del mundo sub-18"]
[Site "Kemer TUR"]
[Date "2009.11.12"]
[Round "1.37"]
[White "Pavlidis, Antonios"]
[Black "Rasovic, Uros"]
[Result "1-0"]
[WhiteElo "2364"]
[BlackElo "1914"]
[PlyCount "59"]
[EventDate "2009.11.11"]
[EventType "swiss"]
[EventRounds "11"]
[EventCountry "ESP"]
[Source "lmi"]
[SourceDate "2009.11.11"]

1. e4 c5 2. Nf3 d6 3. d4 cxd4 4. Nxd4 Nf6 5. Nc3 a6 6. h3 e6 7. g4 Qa5 8. Bg2
Nc6 9. O-O Nxd4 10. Qxd4 Qc5 11. Qxc5 dxc5 12. Bf4 Nd7 13. e5 Rb8 14. Rfd1 b5
15. a4 b4 16. Ne4 Bb7 17. a5 Kd8 18. Ng5 Ke8 19. Nxf7 Bxg2 20. Kxg2 Kxf7 21.
Rxd7+ Be7 22. Bg5 Rhe8 23. Rad1 Kf8 24. Bxe7+ Rxe7 25. Rd8+ Re8 26. Rxe8+ Kxe8
27. Rd6 Kf7 28. Rxa6 b3 29. cxb3 Rxb3 30. Rb6 1-0

[Event "Campeonato del mundo sub-18"]
[Site "Kemer TUR"]
[Date "2009.11.12"]
[Round "1.38"]
[White "Norri, Roger"]
[Black "Anton, Teodor"]
[Result "0-1"]
[WhiteElo "1896"]
[BlackElo "2363"]
[PlyCount "50"]
[EventDate "2009.11.11"]
[EventType "swiss"]
[EventRounds "11"]
[EventCountry "ESP"]
[Source "lmi"]
[SourceDate "2009.11.11"]

1. e4 c5 2. Nf3 d6 3. d4 cxd4 4. Nxd4 Nf6 5. Nc3 a6 6. Be2 e6 7. Be3 Qc7 8. O-O
b5 9. a3 Bb7 10. f3 Nbd7 11. Qd2 Be7 12. a4 b4 13. Na2 d5 14. Nxb4 dxe4 15.
Rfc1 O-O 16. Na2 Bd6 17. g3 Bxg3 18. hxg3 Qxg3+ 19. Kf1 exf3 20. Bd3 Ng4 21.
Bf2 Qg2+ 22. Ke1 Qh1+ 23. Bf1 Nh2 24. Qd3 Ne5 25. Qe3 Qxf1+ 0-1

[Event "Campeonato del mundo sub-18"]
[Site "Kemer TUR"]
[Date "2009.11.12"]
[Round "1.39"]
[White "Poetsch, Hagen"]
[Black "Yilmaz, Baler"]
[Result "1-0"]
[WhiteElo "2361"]
[BlackElo "1847"]
[PlyCount "67"]
[EventDate "2009.11.11"]
[EventType "swiss"]
[EventRounds "11"]
[EventCountry "ESP"]
[Source "lmi"]
[SourceDate "2009.11.11"]

1. e4 c6 2. Nc3 d5 3. Qf3 d4 4. Bc4 e6 5. Nce2 c5 6. d3 Nc6 7. Qg3 Nf6 8. f4 a6
9. a4 Bd7 10. Bd2 b5 11. Ba2 bxa4 12. Nf3 Be7 13. f5 Qb8 14. e5 Nh5 15. Qg4 Nb4
16. Bxb4 Qxb4+ 17. Kf2 g6 18. fxe6 Bxe6 19. Bxe6 fxe6 20. Qxe6 Qb7 21. Rxa4 Ng7
22. Qa2 Nf5 23. Ra1 a5 24. Qb3 Qxb3 25. cxb3 Rb8 26. Rxa5 Rxb3 27. Ra8+ Bd8 28.
Rxd8+ Kxd8 29. Ra8+ Ke7 30. Rxh8 Rxd3 31. Rxh7+ Kf8 32. Rb7 Rd1 33. Nf4 d3 34.
Nxg6+ 1-0

[Event "Campeonato del mundo sub-18"]
[Site "Kemer TUR"]
[Date "2009.11.12"]
[Round "1.40"]
[White "Kin, Kurt"]
[Black "Demidov, Mikhail"]
[Result "0-1"]
[WhiteElo "1839"]
[BlackElo "2360"]
[PlyCount "72"]
[EventDate "2009.11.11"]
[EventType "swiss"]
[EventRounds "11"]
[EventCountry "ESP"]
[Source "lmi"]
[SourceDate "2009.11.11"]

1. e4 e6 2. d4 d5 3. exd5 exd5 4. Nf3 c6 5. c3 Bd6 6. Bd3 Ne7 7. O-O O-O 8. Re1
Bf5 9. Bg5 f6 10. Bh4 Qd7 11. Bg3 Bg6 12. Nh4 Bf7 13. Qc2 g6 14. Nd2 Bxg3 15.
hxg3 Qd6 16. Re3 Nd7 17. Rae1 Rfe8 18. Nb3 Kg7 19. Nf3 Rac8 20. R1e2 b5 21. Qd2
Ng8 22. Rxe8 Rxe8 23. Rxe8 Bxe8 24. Qe3 Bf7 25. g4 g5 26. Nc1 Nh6 27. Nh2 Qxh2+
28. Kxh2 Nxg4+ 29. Kg3 Nxe3 30. fxe3 Be6 31. Ne2 f5 32. Kf3 h5 33. Ng3 Kg6 34.
b4 Nf6 35. Ne2 Ne4 36. Bxe4 dxe4+ 0-1

[Event "Campeonato del mundo sub-18"]
[Site "Kemer TUR"]
[Date "2009.11.12"]
[Round "1.41"]
[White "Mazur, Stefan"]
[Black "Eiti, Bashir"]
[Result "0-1"]
[WhiteElo "2360"]
[BlackElo "1813"]
[PlyCount "80"]
[EventDate "2009.11.11"]
[EventType "swiss"]
[EventRounds "11"]
[EventCountry "ESP"]
[Source "lmi"]
[SourceDate "2009.11.11"]

1. e4 e5 2. Nf3 Nf6 3. Nxe5 Nxe4 4. Qe2 Qe7 5. Qxe4 d6 6. d4 dxe5 7. Qxe5 Qxe5+
8. dxe5 Nc6 9. Bf4 Bf5 10. c3 O-O-O 11. Bb5 Nxe5 12. Bxe5 Rd5 13. Bd4 Rxb5 14.
b4 Bxb4 15. O-O Bc5 16. Bxg7 Rg8 17. Be5 Be4 18. g3 Rd8 19. Bf6 Rd3 20. c4
Bxf2+ 21. Rxf2 Rd1+ 22. Rf1 Rxf1+ 23. Kxf1 Rxb1+ 24. Rxb1 Bxb1 25. Ke2 Bxa2 26.
Kd3 c5 27. Be5 Kd7 28. Bb8 a6 29. Bf4 Kc6 30. Bc1 Kb6 31. Kc3 Ka5 32. Be3 b6
33. Bg1 Ka4 34. Be3 Bb3 35. Bf2 Ka3 36. Be3 Ka2 37. h4 h5 38. g4 Bd1 39. gxh5
Bxh5 40. Bf4 b5 0-1

[Event "Campeonato del mundo sub-18"]
[Site "Kemer TUR"]
[Date "2009.11.12"]
[Round "1.42"]
[White "Celis, Joel Chang"]
[Black "Janev, Tihomir"]
[Result "0-1"]
[WhiteElo "1698"]
[BlackElo "2335"]
[PlyCount "90"]
[EventDate "2009.11.11"]
[EventType "swiss"]
[EventRounds "11"]
[EventCountry "ESP"]
[Source "lmi"]
[SourceDate "2009.11.11"]

1. Nf3 Nf6 2. b3 d6 3. d4 c5 4. dxc5 Qa5+ 5. Nbd2 Qxc5 6. Bb2 Bf5 7. c4 Nc6 8.
a3 a5 9. e3 e6 10. Nd4 Bg6 11. Nb5 Rc8 12. Nf3 Be7 13. Bd3 O-O 14. Bxg6 hxg6
15. Rc1 Rfd8 16. Qe2 d5 17. O-O dxc4 18. Qxc4 Qh5 19. Qe2 Ne4 20. Rc2 Nc5 21.
Nfd4 Nxd4 22. Nxd4 Qxe2 23. Rxe2 e5 24. Nf3 f6 25. Nd2 Nd3 26. Nc4 a4 27. Nb6
Rc6 28. Nxa4 b5 29. Nc3 Nxb2 30. Nxb5 Nd3 31. Rd1 Nc5 32. Rxd8+ Bxd8 33. Rc2
Be7 34. b4 Rb6 35. Nc7 Na4 36. Nd5 Rb7 37. f3 Kf7 38. Rc6 Bd8 39. Kf2 Nb6 40.
Nxb6 Bxb6 41. a4 Ke7 42. Ke2 Kd7 43. b5 Ba5 44. Ra6 Bc7 45. Kd3 Rb6 0-1

[Event "Campeonato del mundo sub-18"]
[Site "Kemer TUR"]
[Date "2009.11.13"]
[Round "2.1"]
[White "Salgado Lopez, Ivan"]
[Black "Lovik, Lasse Ostebo"]
[Result "1-0"]
[WhiteElo "2562"]
[BlackElo "2379"]
[PlyCount "101"]
[EventDate "2009.11.11"]
[EventType "swiss"]
[EventRounds "11"]
[EventCountry "ESP"]
[Source "lmi"]
[SourceDate "2009.11.11"]

1. e4 e5 2. Nf3 Nf6 3. d4 Nxe4 4. Bd3 d5 5. dxe5 Nc5 6. Be2 Be7 7. O-O O-O 8.
Be3 Nc6 9. Nc3 Be6 10. Qe1 Ne4 11. a3 f6 12. Nxe4 dxe4 13. Rd1 Qe8 14. exf6
Bxf6 15. Nd4 Nxd4 16. Bxd4 Qg6 17. Qc3 Rad8 18. Bxf6 Rxd1 19. Rxd1 Qxf6 20. Qd4
c6 21. c3 b6 22. Rd2 Bd5 23. Qe3 Qf7 24. a4 Bb3 25. Rd4 Qf4 26. Qxf4 Rxf4 27.
g3 c5 28. Bc4+ Bxc4 29. Rxc4 Rf7 30. Rxe4 Rd7 31. b4 Rd1+ 32. Kg2 Rc1 33. Re7
cxb4 34. cxb4 Rc4 35. a5 Rxb4 36. a6 Ra4 37. Rxa7 b5 38. Kf3 h5 39. Ke3 Kh7 40.
Ra8 g5 41. f3 Ra3+ 42. Ke4 b4 43. a7 b3 44. Kd3 b2+ 45. Kc2 Rb3 46. Kb1 Ra3 47.
Kxb2 Ra6 48. f4 h4 49. f5 hxg3 50. hxg3 g4 51. f6 1-0

[Event "Campeonato del mundo sub-18"]
[Site "Kemer TUR"]
[Date "2009.11.13"]
[Round "2.2"]
[White "Kulakov, Viacheslav"]
[Black "Abasov, Nijat"]
[Result "1-0"]
[WhiteElo "2380"]
[BlackElo "2522"]
[PlyCount "61"]
[EventDate "2009.11.11"]
[EventType "swiss"]
[EventRounds "11"]
[EventCountry "ESP"]
[Source "lmi"]
[SourceDate "2009.11.11"]

1. d4 Nf6 2. c4 e6 3. Nf3 b6 4. Bg5 Bb7 5. e3 h6 6. Bh4 g5 7. Bg3 Ne4 8. Nbd2
Nxg3 9. hxg3 Bg7 10. Bd3 d6 11. Ne4 Nd7 12. Qe2 Qe7 13. g4 O-O-O 14. a4 a5 15.
Ng3 Nf6 16. b4 axb4 17. a5 bxa5 18. Rxa5 c5 19. O-O h5 20. Rfa1 hxg4 21. Qa2
Nd7 22. Rb5 Nb8 23. Be4 Rd7 24. Qa7 gxf3 25. Qb6 Bxd4 26. exd4 f5 27. Nxf5 Rh1+
28. Kxh1 Qh7+ 29. Kg1 exf5 30. Bxf3 g4 31. Re1 1-0

[Event "Campeonato del mundo sub-18"]
[Site "Kemer TUR"]
[Date "2009.11.13"]
[Round "2.3"]
[White "Narmontas, Matas"]
[Black "Chirila, Ioan-Cristian"]
[Result "1-0"]
[WhiteElo "2370"]
[BlackElo "2510"]
[PlyCount "87"]
[EventDate "2009.11.11"]
[EventType "swiss"]
[EventRounds "11"]
[EventCountry "ESP"]
[Source "lmi"]
[SourceDate "2009.11.11"]

1. e4 c5 2. Nf3 d6 3. d4 cxd4 4. Nxd4 Nf6 5. Nc3 g6 6. f4 Nc6 7. Nxc6 bxc6 8.
e5 Nd7 9. exd6 exd6 10. Be3 Be7 11. Qd2 O-O 12. O-O-O Nf6 13. h3 Be6 14. g4 Nd5
15. Nxd5 Bxd5 16. Bg2 Bxg2 17. Qxg2 d5 18. h4 Rb8 19. h5 Bf6 20. Bd4 Bxd4 21.
Rxd4 Qf6 22. c3 Rfe8 23. hxg6 fxg6 24. f5 Rb7 25. Rf1 Qg5+ 26. Qd2 Qxd2+ 27.
Rxd2 Rf7 28. Rdf2 g5 29. Kd2 Re4 30. Rg2 Kg7 31. b4 h5 32. gxh5 Kh6 33. Re2
Rxe2+ 34. Kxe2 Kxh5 35. Ke3 Rf6 36. Kd4 g4 37. Ke5 Kg5 38. a4 Rf8 39. f6 g3 40.
f7 Kg6 41. Rg1 Kxf7 42. Rxg3 Rd8 43. Rh3 Rd7 44. Kd4 1-0

[Event "Campeonato del mundo sub-18"]
[Site "Kemer TUR"]
[Date "2009.11.13"]
[Round "2.4"]
[White "Nabaty, Tamir"]
[Black "Jorczik, Julian"]
[Result "0-1"]
[WhiteElo "2508"]
[BlackElo "2368"]
[PlyCount "60"]
[EventDate "2009.11.11"]
[EventType "swiss"]
[EventRounds "11"]
[EventCountry "ESP"]
[Source "lmi"]
[SourceDate "2009.11.11"]

1. e4 e6 2. d4 d5 3. Nc3 Nf6 4. Bg5 Bb4 5. e5 h6 6. Bc1 Ne4 7. Qg4 Kf8 8. Nge2
c5 9. a3 Bxc3+ 10. bxc3 Qa5 11. f3 Nxc3 12. Bd2 cxd4 13. Nxd4 Qc7 14. Qf4 Bd7
15. a4 Kg8 16. Bb5 a6 17. Bxd7 Nxd7 18. Kf2 Qc4 19. Nb3 Qxf4 20. Bxf4 Kh7 21.
Bd2 Rhc8 22. Rhe1 Rc7 23. Ke3 Rac8 24. Kd3 b6 25. Nd4 Rc4 26. a5 b5 27. Bf4 Na4
28. Bg3 Ndc5+ 29. Ke3 Nb7 30. Red1 Nxa5 0-1

[Event "Campeonato del mundo sub-18"]
[Site "Kemer TUR"]
[Date "2009.11.13"]
[Round "2.5"]
[White "Darini, Pouria"]
[Black "Bogner, Sebastian"]
[Result "1/2-1/2"]
[WhiteElo "2366"]
[BlackElo "2504"]
[PlyCount "102"]
[EventDate "2009.11.11"]
[EventType "swiss"]
[EventRounds "11"]
[EventCountry "ESP"]
[Source "lmi"]
[SourceDate "2009.11.11"]

1. e4 c5 2. Nf3 d6 3. d4 cxd4 4. Nxd4 Nf6 5. Nc3 a6 6. Bg5 Nbd7 7. f4 Qc7 8.
Qf3 e6 9. O-O-O b5 10. e5 Bb7 11. Qh3 dxe5 12. Nxe6 fxe6 13. Qxe6+ Be7 14. Bxb5
axb5 15. Nxb5 Qc6 16. Nd6+ Kd8 17. fxe5 Kc7 18. Kb1 Ra6 19. Rd4 Bxd6 20. Rxd6
Qe4 21. Rhd1 Nxe5 22. Qe7+ Kb8 23. R6d4 Qf5 24. Bf4 Ra5 25. Rb4 Qc8 26. Bxe5+
Ka8 27. Rxb7 Re8 28. Qc7 Qxc7 29. Bxc7 Rd5 30. Rb8+ Rxb8 31. Rxd5 Nxd5 32. Bxb8
Kxb8 33. g3 Ne3 34. h3 Nf1 35. Kc1 Nxg3 36. Kd2 g5 37. Ke3 h5 38. Kf3 Nf5 39.
c3 Kc7 40. a4 Nd6 41. b3 Kc6 42. b4 Kd5 43. a5 Nc4 44. a6 Kc6 45. b5+ Kb6 46.
Ke4 Nd6+ 47. Ke5 Nxb5 48. Kf5 g4 49. hxg4 hxg4 50. Kxg4 Nxc3 51. a7 Kxa7
1/2-1/2

[Event "Campeonato del mundo sub-18"]
[Site "Kemer TUR"]
[Date "2009.11.13"]
[Round "2.7"]
[White "Anton, Teodor"]
[Black "Balog, Imre"]
[Result "0-1"]
[WhiteElo "2363"]
[BlackElo "2491"]
[PlyCount "56"]
[EventDate "2009.11.11"]
[EventType "swiss"]
[EventRounds "11"]
[EventCountry "ESP"]
[Source "lmi"]
[SourceDate "2009.11.11"]

1. d4 d5 2. c4 c6 3. Nf3 Nf6 4. Qc2 g6 5. Bf4 dxc4 6. Qxc4 Bg7 7. e3 Qb6 8. Qc1
O-O 9. Nbd2 Bf5 10. a4 a5 11. Ra3 Na6 12. Bc4 Rac8 13. O-O Nb4 14. Be5 Qa7 15.
e4 Nxe4 16. Nxe4 Bxe4 17. Bxg7 Kxg7 18. Re1 Bd5 19. Ne5 Qxd4 20. Rh3 h5 21.
Rxh5 Rh8 22. Rxh8 Rxh8 23. Qc3 Rh4 24. g3 Re4 25. Rxe4 Qxe4 26. f3 Qb1+ 27. Kf2
f6 28. Bd3 Qh1 0-1

[Event "Campeonato del mundo sub-18"]
[Site "Kemer TUR"]
[Date "2009.11.13"]
[Round "2.8"]
[White "Poetsch, Hagen"]
[Black "Adhiban, Baskaran"]
[Result "1-0"]
[WhiteElo "2361"]
[BlackElo "2486"]
[PlyCount "75"]
[EventDate "2009.11.11"]
[EventType "swiss"]
[EventRounds "11"]
[EventCountry "ESP"]
[Source "lmi"]
[SourceDate "2009.11.11"]

1. d4 Nf6 2. c4 g6 3. Nc3 Bg7 4. e4 d6 5. Be2 O-O 6. Be3 e5 7. d5 c6 8. g4 cxd5
9. cxd5 Ne8 10. h4 Bf6 11. Qd2 Na6 12. Nh3 Bd7 13. h5 Qa5 14. a3 Qd8 15. b4 Qc8
16. Rg1 gxh5 17. gxh5+ Kh8 18. Bh6 Rg8 19. Ng5 Bxg5 20. Rxg5 Rxg5 21. Bxg5 f6
22. Bh4 Bg4 23. Rc1 Bxe2 24. Qh6 Kg8 25. Kxe2 Qg4+ 26. f3 Qg7 27. Qe3 Qf7 28.
h6 Rc8 29. Qxa7 f5 30. Qe3 fxe4 31. Nxe4 Rxc1 32. Qxc1 Nac7 33. Qg5+ Kh8 34.
Qe7 Qxe7 35. Bxe7 Nxd5 36. Bxd6 Nf4+ 37. Ke3 Ng6 38. a4 1-0

[Event "Campeonato del mundo sub-18"]
[Site "Kemer TUR"]
[Date "2009.11.13"]
[Round "2.9"]
[White "Martinovic, S."]
[Black "Arenas, D."]
[Result "0-1"]
[WhiteElo "2483"]
[BlackElo "2333"]
[PlyCount "82"]
[EventDate "2009.11.11"]
[EventType "swiss"]
[EventRounds "11"]
[EventCountry "ESP"]
[Source "lmi"]
[SourceDate "2009.11.11"]

1. e4 e5 2. Nf3 Nc6 3. Bc4 Nf6 4. Ng5 d5 5. exd5 Na5 6. Bb5+ c6 7. dxc6 bxc6 8.
Bd3 Ng4 9. Nh3 Bc5 10. Qf3 f5 11. b4 e4 12. Bxe4 Bd4 13. bxa5 fxe4 14. Qxe4+
Kf7 15. Qf3+ Nf6 16. Qb3+ Nd5 17. Qf3+ Nf6 18. Qb3+ Nd5 19. Qf3+ Qf6 20. Qxf6+
Bxf6 21. c3 Re8+ 22. Kd1 Bf5 23. Ba3 Rab8 24. Kc1 Rb5 25. Bd6 Rd8 26. Bg3 Nb4
27. Na3 Rxa5 28. Nc4 Nxa2+ 29. Kb2 Rb5+ 30. Kxa2 Be6 31. Ka3 Bxc4 32. Rhb1 Be7+
33. Ka4 Rxb1 34. Rxb1 Rxd2 35. Ra1 Rb2 36. Bc7 Rb5 37. Ra3 Bxa3 38. Kxa3 Rb3+
39. Ka4 Rxc3 40. Be5 Rc2 41. Kb4 Bd5 0-1

[Event "Campeonato del mundo sub-18"]
[Site "Kemer TUR"]
[Date "2009.11.13"]
[Round "2.10"]
[White "Demidov, Mikhail"]
[Black "Piorun, Kacper"]
[Result "0-1"]
[WhiteElo "2360"]
[BlackElo "2475"]
[PlyCount "72"]
[EventDate "2009.11.11"]
[EventType "swiss"]
[EventRounds "11"]
[EventCountry "ESP"]
[Source "lmi"]
[SourceDate "2009.11.11"]

1. e4 e6 2. d4 d5 3. exd5 exd5 4. Nf3 Nc6 5. c4 Bg4 6. Be3 Nf6 7. Nc3 dxc4 8.
Bxc4 Bd6 9. h3 Bh5 10. g4 Bg6 11. d5 Ne7 12. Qa4+ Qd7 13. Bb5 c6 14. dxc6 bxc6
15. Be2 O-O 16. Rd1 Qc7 17. h4 h5 18. gxh5 Nxh5 19. Ng5 Rfb8 20. Rd2 Nf5 21.
Bf3 Nxe3 22. fxe3 Qe7 23. Bxh5 Qxe3+ 24. Re2 Qg3+ 25. Kf1 Bxh5 26. Qe4 Bg6 27.
Qxc6 Bd3 28. Rh3 Bxe2+ 29. Nxe2 Qe5 30. Qc4 Rb7 31. Rf3 Re8 32. Rxf7 Qxe2+ 33.
Qxe2 Rxf7+ 34. Nxf7 Rxe2 35. Nxd6 Rxb2 36. a3 Rb3 0-1

[Event "Campeonato del mundo sub-18"]
[Site "Kemer TUR"]
[Date "2009.11.13"]
[Round "2.11"]
[White "Salem, A.R.Saleh"]
[Black "Pourramezanali, Amirreza"]
[Result "1/2-1/2"]
[WhiteElo "2472"]
[BlackElo "2321"]
[PlyCount "57"]
[EventDate "2009.11.11"]
[EventType "swiss"]
[EventRounds "11"]
[EventCountry "ESP"]
[Source "lmi"]
[SourceDate "2009.11.11"]

1. d4 e6 2. c4 d5 3. Nc3 Nf6 4. cxd5 exd5 5. Bg5 Be7 6. e3 O-O 7. Bd3 Nbd7 8.
Qc2 c5 9. Nf3 c4 10. Bf5 g6 11. Bh3 Re8 12. O-O Nb6 13. Bxc8 Rxc8 14. Bxf6 Bxf6
15. Rfe1 Bg7 16. e4 dxe4 17. Rxe4 Qd7 18. Rae1 Rxe4 19. Qxe4 Qc6 20. Qf4 Nd5
21. Nxd5 Qxd5 22. h4 b5 23. h5 Qxh5 24. Ng5 Rf8 25. g4 Qh4 26. Re8 f5 27. Qe3
Qxg4+ 28. Kf1 f4 29. Qe7 1/2-1/2

[Event "Campeonato del mundo sub-18"]
[Site "Kemer TUR"]
[Date "2009.11.13"]
[Round "2.12"]
[White "Janev, Tihomir"]
[Black "Yilmaz, Mustafa"]
[Result "0-1"]
[WhiteElo "2335"]
[BlackElo "2468"]
[PlyCount "68"]
[EventDate "2009.11.11"]
[EventType "swiss"]
[EventRounds "11"]
[EventCountry "ESP"]
[Source "lmi"]
[SourceDate "2009.11.11"]

1. d4 d5 2. c4 c6 3. Nf3 Nf6 4. Qc2 g6 5. Bf4 dxc4 6. Qxc4 Bg7 7. Nc3 O-O 8. e4
b5 9. Qb3 Qa5 10. Bd3 Be6 11. Qc2 Na6 12. Qd2 Rfd8 13. O-O Nh5 14. Be3 Bg4 15.
a4 b4 16. Ne2 Bxf3 17. gxf3 e5 18. dxe5 Nc5 19. Bxc5 Qxc5 20. f4 Bh6 21. Rfd1
Qe7 22. Qe3 Qh4 23. e6 fxe6 24. Bc4 Nxf4 25. Rxd8+ Rxd8 26. Nxf4 Bxf4 27. Bxe6+
Kh8 28. Qh3 Qg5+ 29. Qg4 Qe5 30. Re1 Rf8 31. Bd7 Qxb2 32. Re2 Qc1+ 33. Kg2 b3
34. Qe6 b2 0-1

[Event "Campeonato del mundo sub-18"]
[Site "Kemer TUR"]
[Date "2009.11.13"]
[Round "2.13"]
[White "Kanakaris, Georgios"]
[Black "Rozum, Ivan"]
[Result "0-1"]
[WhiteElo "2312"]
[BlackElo "2458"]
[PlyCount "110"]
[EventDate "2009.11.11"]
[EventType "swiss"]
[EventRounds "11"]
[EventCountry "ESP"]
[Source "lmi"]
[SourceDate "2009.11.11"]

1. d4 Nf6 2. c4 g6 3. Nc3 Bg7 4. e4 d6 5. f3 O-O 6. Be3 Nc6 7. Nge2 a6 8. Qd2
Rb8 9. g4 b5 10. O-O-O bxc4 11. h4 Nb4 12. Nf4 c5 13. g5 Nd7 14. h5 cxd4 15.
Bxd4 Bxd4 16. Qxd4 e5 17. Qg1 Qb6 18. Qxb6 Nxb6 19. Ng2 Rd8 20. Ne3 Be6 21. Rd2
Kf8 22. Be2 Ke7 23. Ng4 Bxg4 24. fxg4 Rbc8 25. Rhd1 Nc6 26. Kb1 Nd4 27. a4 Rc5
28. Rf1 Ne6 29. Kc2 Nxg5 30. Ra1 Ra5 31. Nd5+ Nxd5 32. Rxd5 Rxd5 33. exd5 a5
34. hxg6 hxg6 35. Bxc4 f5 36. gxf5 gxf5 37. Rh1 Kf6 38. b4 Rc8 39. Kb3 Ne4 40.
Bb5 Rc3+ 41. Kb2 axb4 42. a5 Rc5 43. a6 Rxb5 44. a7 Ra5 45. Ra1 Rxa7 46. Rxa7
Nc5 47. Ra8 e4 48. Re8 f4 49. Kc1 Kf5 50. Kd2 b3 51. Kc3 f3 52. Kd2 b2 53. Rb8
Nd3 54. Ke3 Ke5 55. Rb5 f2 0-1

[Event "Campeonato del mundo sub-18"]
[Site "Kemer TUR"]
[Date "2009.11.13"]
[Round "2.14"]
[White "Durarbeyli, Vasif"]
[Black "Melnichuk, Mikhail"]
[Result "1/2-1/2"]
[WhiteElo "2456"]
[BlackElo "2312"]
[PlyCount "55"]
[EventDate "2009.11.11"]
[EventType "swiss"]
[EventRounds "11"]
[EventCountry "ESP"]
[Source "lmi"]
[SourceDate "2009.11.11"]

1. e4 e5 2. Nf3 Nf6 3. Nxe5 d6 4. Nf3 Nxe4 5. c4 Be7 6. Nc3 Nxc3 7. dxc3 Nc6 8.
Bd3 Bg4 9. Be4 Qd7 10. Be3 Bf5 11. Bd5 Bf6 12. O-O O-O 13. Re1 Be6 14. Bg5 Bxg5
15. Nxg5 Bxd5 16. Qxd5 g6 17. c5 Ne5 18. Qd4 Qg4 19. Qxg4 Nxg4 20. Re7 h6 21.
Nf3 Rac8 22. Rae1 Nf6 23. c4 a6 24. Nd4 Rfe8 25. f3 Rxe7 26. Rxe7 Kf8 27. Re3
Nd7 28. Kf2 1/2-1/2

[Event "Campeonato del mundo sub-18"]
[Site "Kemer TUR"]
[Date "2009.11.13"]
[Round "2.15"]
[White "Vastrukhin, O."]
[Black "Benidze, D."]
[Result "1/2-1/2"]
[WhiteElo "2312"]
[BlackElo "2450"]
[PlyCount "95"]
[EventDate "2009.11.11"]
[EventType "swiss"]
[EventRounds "11"]
[EventCountry "ESP"]
[Source "lmi"]
[SourceDate "2009.11.11"]

1. e4 e6 2. d4 d5 3. Nc3 Bb4 4. exd5 exd5 5. Bd3 Ne7 6. Nge2 Nbc6 7. a3 Bxc3+
8. bxc3 Bf5 9. c4 O-O 10. O-O Re8 11. Rb1 Bxd3 12. Qxd3 dxc4 13. Qxc4 Nd5 14.
Qd3 Rxe2 15. c4 Re8 16. cxd5 Qxd5 17. Be3 b6 18. Rfc1 Rac8 19. Rb5 Qd7 20. Rh5
g6 21. Qb5 Nb8 22. Qg5 f6 23. Qg3 Nc6 24. Rh3 Ne7 25. Qf3 Nd5 26. Rg3 c6 27. h4
Kf7 28. h5 Qf5 29. Qxf5 gxf5 30. Rf3 Re4 31. Rxf5 Ke6 32. Rf3 f5 33. g3 a5 34.
Kf1 a4 35. h6 c5 36. dxc5 Nxe3+ 37. Rxe3 Rxe3 38. fxe3 Rxc5 39. Rb1 b5 40. Ke2
Kf6 41. Kd3 Rd5+ 42. Ke2 Kg6 43. Kf3 Rc5 44. Rd1 Kxh6 45. Kf4 Rc4+ 46. Kxf5 Rc3
47. Kf6 Kh5 48. Kf5 1/2-1/2